Erdoğanův stín nad tureckou zahraniční politikou

Vplyv islamistickej Strany spravodlivosti a rozvoja (AKP) na čele s vodcom R. T. Erdoğanom v Turecku. Obrat euroázijským smerom. Vzťahy s Izraelom. Roztržka s Egyptom. Velikášske ambície.

Guardado en:
Detalles Bibliográficos
Autor principal: Laně, Tomáš
Formato: Capítulo de libro
Lenguaje:checo
Materias:
Etiquetas: Agregar Etiqueta
Sin Etiquetas, Sea el primero en etiquetar este registro!

MARC

LEADER 00000nla a2200000 4500
001 0205480
005 20240417075058.5
041 0 |a cze 
044 |a CZ 
245 1 0 |a Erdoğanův stín nad tureckou zahraniční politikou  |c Tomáš Laně 
520 |a Vplyv islamistickej Strany spravodlivosti a rozvoja (AKP) na čele s vodcom R. T. Erdoğanom v Turecku. Obrat euroázijským smerom. Vzťahy s Izraelom. Roztržka s Egyptom. Velikášske ambície. 
610 2 0 |a politika zahraničná 
610 2 0 |a politika vnútorná 
610 2 0 |a strany politické 
610 2 0 |a voľby 
610 2 0 |a vzťahy medzinárodné 
610 2 0 |a Turecko 
610 2 0 |a Egypt 
610 2 0 |a Izrael 
100 1 |a Laně, Tomáš